[Event "Rome Elo op 1st"]
[Site "Rome"]
[Date "2008.11.19"]
[Round "6"]
[White "Iacoacci, Giancarlo"]
[Black "Marigliani, Cristiano"]
[Result "1-0"]
[WhiteElo "1752"]
[BlackElo "1533"]
[PlyCount "57"]
[EventDate "2008.10.15"]
[EventType "swiss"]
[EventRounds "7"]
[EventCountry "ITA"]
[SourceTitle "EXT 2011"]
[Source "ChessBase"]
[SourceDate "2010.11.26"]
[SourceVersion "1"]
[SourceVersionDate "2010.11.26"]
[SourceQuality "1"]

1. d4 d5 2. Bf4 Nf6 3. Nf3 c5 4. e3 Nc6 5. c3 Bf5 6. Bd3 Bxd3 7. Qxd3 e6 8. Nbd2 c4 9. Qc2 Be7 10. e4 dxe4 11. Nxe4 Nd5 12. Be3 Nxe3 13. fxe3 Bh4+ 14. Nf2 0-0 15. 0-0 Re8 16. Rad1 Bxf2+ 17. Rxf2 Qe7 18. e4 b5 19. e5 Rac8 20. Rdf1 h6 21. Nd2 Rf8 22. Ne4 Qh4 23. Nd6 Rc7 24. Nxb5 Rd7 25. Nd6 Nxd4 26. cxd4 Qxd4 27. Nxc4 Rc7 28. b3 Rfc8 29. Qd2 1-0